000 00897nam a2200229 a 4500
001 000041806
005 20201002035751.0
008 131017s2000 sp 000 0 spa d
020 _a8400078985
040 _aDO-SdBNP
_bspa
_cBNPHU
041 1 7 _aspa
_barb.
100 1 _aAl-Tulaytuli, Ali b. Isà
_968677
245 1 0 _aMuhtasar =
_b(Compendio) /
_c`Alî b. `Îsà at-Tulaytulî ; edición, traducción y estudio por María José Cervera.
260 _aMadrid :
_bConsejo Superior de Investigaciones Científicas,
_c2000.
300 _a157, 65 p. ;
_c24 cm.
490 1 _aFuentes Arábico-Hispanas
_v25
504 _aIncluye referencias bibliográficas y notas al pie de las páginas
504 _aBibliografía : p. 153-157
700 1 _aCervera Fras, María José
_968678
710 2 _aConsejo Superior de Investigaciones Científicas
_94786
830 0 _aFuentes Arábico-Hispanas
_v25
_965581
999 _c41295
_d41295